[Event "World-ch Tournament"]
[Site "Mexico City"]
[Date "2007.09.29"]
[Round "14"]
[White "Anand, Viswanathan"]
[Black "Leko, Peter"]
[Result "1/2-1/2"]
[WhiteElo "2792"]
[BlackElo "2751"]
[Annotator "Marin,M"]
[PlyCount "39"]
[EventDate "2007.09.13"]
[EventType "tourn"]
[EventRounds "14"]
[EventCountry "MEX"]
[EventCategory "21"]
[SourceTitle "CBM 120"]
[Source "ChessBase"]
[SourceDate "2007.10.02"]
[SourceVersion "1"]
[SourceVersionDate "2007.10.02"]
[SourceQuality "1"]

1. e4 e5 2. Nf3 Nc6 3. Bb5 a6 4. Ba4 Nf6 5. O-O Be7 6. Re1 b5 7. Bb3 O-O 8. c3
d5 {Nowdays, the Marshall Attack can hardly be considered an aggressive weapon.
White can make a draw almost by force, if he really wants to. Hoy en día, el
Ataque Marshall dificilmente puede ser considerado como unarma agresiva. Las
blancas pueden entablar de manera casi forzada, si esto es lo que quíeren de
verdad.} 9. exd5 Nxd5 10. Nxe5 Nxe5 11. Rxe5 c6 12. Re1 Bd6 13. d3 Bf5 14. Nd2
{Instead of sticking to his small material advantage, White hurries to
complete his development and... win the World title. En vez de mantener su
ventaja material, las blancas se apresuran a completar su desarrollo y a...
ganar el título mundial.} Nf4 ({The immediate capture on d3 offers White
chances of retaining some initiative.} 14... Bxd3 15. Nf3 Bg6 16. Bg5 Qd7 {
This was played in the first game where 14.Nd2 was seen.} (16... Nf6 17. Ne5
Bxe5 18. Rxe5 h6 19. Qxd8 $6 (19. Bh4 $14 {would have maintained better
chances because of the pair of bishops.}) 19... Rfxd8 20. Bxf6 gxf6 21. Rc5 (
21. Re2 $5) 21... Rd2 $11 {Azarov,S (2556)-Pinter,J (2512)/Izmir 2004/CBM 104 
(1/2-1/2, 40)}) 17. Ne5 $6 {White risks to fall behind in development now.} (
17. Bh4 Rfe8 18. Bxd5 cxd5 19. Bg3 $14 {[%csl Yd4,Gd5]}) ({The more neutral
developing move} 17. Qd4 $5 {was also possible}) 17... Bxe5 18. Rxe5 Rfe8 19.
Rxe8+ Rxe8 20. Qd2 h6 21. Bf4 Rd8 22. Rd1 Bf5 23. Bg3 {Byrne,R (2515)
-Angantysson,H (2400)/Reykjavik 1982/MCD (1/2-1/2, 50)} {and now Black had the
sepctacular} Nxc3 $5 {forcing White to simplify to a dead draw with} 24. Bxf7+
(24. Qxd7 Ne2+ 25. Kf1 Nxg3+ 26. hxg3 Rxd7 $17) (24. Qxc3 $2 Qxd1+) 24... Kxf7
25. Qxd7+ Rxd7 26. Rxd7+ Bxd7 27. bxc3 $11) 15. Ne4 (15. Qf3 Qd7 ({The
immediate} 15... Nxd3 {looks risky in view of} 16. Qxf5 Nxe1 17. Ne4 {[%cal
Ye4g5] , but White's initiative might be enough for just a draw:} g6 18. Qg4
Nd3 19. Bg5 Be7 20. Rd1 Kg7 21. Bxe7 Qxe7 22. Rxd3 f5 23. Qh3 Qxe4 24. Rd7+ Kf6
25. Rd6+ Kg7 $11) 16. Ne4 Bg4 17. Qe3 Nxd3 18. Nxd6 Qxd6 19. Qe7 Rad8 20. Qxd6
Rxd6 {[%csl Rb3,Rg4][%cal Gd3c1] 1/2-1/2 Smirin,I (2555)-Adams,M (2610)/
Tilburg 1992/CBM 032}) 15... Nxd3 16. Bg5 (16. Qf3 Bg6 17. Re2 Bc7 18. Bg5 Bxe4
19. Rxe4 Qxg5 20. Qxd3 Rad8 $11 {Polgar,J (2715)-Adams,M (2723)/Enghien les
Bains 2003/CBM 096 (1/2-1/2, 26): We have reached a position with the other
pair of opposite bishops than in the main game:}) ({Skipping the bishop's
development to g5 could cause White troubles:} 16. Nxd6 $2 Qxd6 $32 17. Be3 Qg6
18. Rf1 Nxb2 $17 {Bluvshtein,M (2447)-Onischuk,A (2657)/Montreal 2003/CBM 097 
(0-1, 40)}) 16... Qd7 17. Nxd6 (17. Qxd3 $4 Bxh2+) (17. Re3 $6 {[%cal Gd1d3]}
Bxe4 $8 18. Rxe4 Rae8 $32 19. Qg4 Qxg4 20. Rxg4 Be5 (20... c5 $5 $17) 21. Rb1
h5 22. Rh4 Nxb2 23. Be3 Nd3 (23... Bxc3 $5) 24. Rd1 Nb2 25. Rb1 Nd3 26. Rd1 Nb2
27. Rb1 {1/2-1/2 Georgiev,K (2515)-Nunn,J (2435)/Dubai 1986/TD. A more
spectacular draw than in the game, but not a really forced one.}) 17... Qxd6 {
All this has been played before and most of the games ended in draws after one
of the following moves.} 18. Bc2 Qg6 19. Bxd3 Bxd3 20. Be3 {Opposite coloured
bishops, symmetrical position, no significant weaknesses for any side... Yes,
a draw is the most likely result. Long live the new Champ! Alfiles de distinto
color, posición casi simétrica, ausencia de debilidades importantes... Si, las
tablas son el resultado más probable. ¡Viva el nuevo Campeón!} 1/2-1/2

[Event "Morelia/Linares 24th"]
[Site "Morelia/Linares"]
[Date "2007.02.17"]
[Round "1"]
[White "Svidler, Peter"]
[Black "Aronian, Levon"]
[Result "1/2-1/2"]
[WhiteElo "2728"]
[BlackElo "2744"]
[Annotator "Marin,M"]
[PlyCount "76"]
[EventDate "2007.02.17"]
[EventType "tourn"]
[EventRounds "14"]
[EventCountry "ESP"]
[EventCategory "20"]
[SourceTitle "CBM 117"]
[Source "ChessBase"]
[SourceDate "2007.03.30"]
[SourceVersion "1"]
[SourceVersionDate "2007.03.30"]
[SourceQuality "1"]

1. e4 e5 2. Nf3 Nc6 3. Bb5 a6 4. Ba4 Nf6 5. O-O Be7 6. Re1 b5 7. Bb3 O-O 8. c3
{A specialist of the Marshall Attack himself, Svidler decides to take the bull
by the horns.} d5 9. exd5 Nxd5 10. Nxe5 Nxe5 11. Rxe5 c6 12. d4 Bd6 13. Re1 Qh4
14. g3 Qh3 15. Re4 g5 16. Qf1 Qh5 17. Nd2 Bf5 18. f3 Nf6 19. Qg2 Qg6 20. Re3
Rae8 21. Ne4 Nxe4 22. g4 Ng3 23. hxg3 Bd3 $146 ({Aronian decides to deviate
from his recent game against Anand, possibly fearing his opponent's speciffic
preparation. After} 23... Bb1 24. Qe2 Rxe3 25. Qxe3 h6 26. Qe1 Bc2 27. Bxc2
Qxc2 28. Qe4 Qd1+ 29. Kg2 Kg7 30. Qe3 Bxg3 31. Kxg3 Re8 32. Qxe8 {a draw was
agreed in Anand-Aronian, Wijk aan Zee 2007. In spite of his huge material
disadvantage, Black will give perpetual.}) 24. Bd2 Rxe3 25. Bxe3 Re8 26. Re1 c5
27. dxc5 Bxc5 28. Qd2 Bxe3+ 29. Rxe3 {White has managed to emerge out of the
opening with what might seem like a sound extra-pawn. However, some subtle
tactical nuances will allow Black achieve a draw more or less by force.} Qb6
30. Kf2 Rd8 {This is it. White has no way to free himself from Black's
domination.} 31. Qe1 Re8 32. Qd2 Rd8 33. Bc2 Bg6 34. Qe2 Re8 35. Bxg6 hxg6 36.
Qd2 Rd8 37. Qe2 Re8 38. Qd2 Rd8 1/2-1/2

[Event "Morelia/Linares 24th"]
[Site "Morelia/Linares"]
[Date "2007.02.22"]
[Round "5"]
[White "Svidler, Peter"]
[Black "Leko, Peter"]
[Result "1/2-1/2"]
[WhiteElo "2728"]
[BlackElo "2749"]
[Annotator "Marin,M"]
[PlyCount "54"]
[EventDate "2007.02.17"]
[EventType "tourn"]
[EventRounds "14"]
[EventCountry "ESP"]
[EventCategory "20"]
[SourceTitle "CBM 117"]
[Source "ChessBase"]
[SourceDate "2007.03.30"]
[SourceVersion "1"]
[SourceVersionDate "2007.03.30"]
[SourceQuality "1"]

1. e4 e5 2. Nf3 Nc6 3. Bb5 a6 4. Ba4 Nf6 5. O-O Be7 6. Re1 b5 7. Bb3 O-O 8. c3
{For the second time in this tournament, Svidler decides to allow the Marshall
Attack.} d5 9. exd5 Nxd5 10. Nxe5 Nxe5 11. Rxe5 c6 12. d4 Bd6 13. Re1 Qh4 14.
g3 Qh3 15. Re4 g5 16. Qf1 Qh5 17. Nd2 f5 ({Leko does not seem to be curious to
find out What Svidler had in mind after} 17... Bf5 {as played in the first
round game Svidler-Aronian.}) 18. Bd1 Qh6 19. Re1 f4 20. Ne4 Bc7 21. Bf3 Bh3
22. Qd3 Rf7 23. Bd2 Raf8 {Black is perfectly mobilized and has obvious
compensation for the pawn. However, White's position is quite stable, which
keeps him out of immediate danger. Without a deeper analysis, the final
sequence of moves remains clouded by mystery.} 24. Bh1 Rg7 25. Bf3 Rgf7 26. Bh1
Rg7 27. Bf3 Rgf7 1/2-1/2

[Event "Dortmund SuperGM 35th"]
[Site "Dortmund"]
[Date "2007.06.24"]
[Round "2"]
[White "Anand, Viswanathan"]
[Black "Leko, Peter"]
[Result "1/2-1/2"]
[WhiteElo "2786"]
[BlackElo "2738"]
[Annotator "Marin,M"]
[PlyCount "57"]
[EventDate "2007.06.23"]
[EventType "tourn"]
[EventRounds "7"]
[EventCountry "GER"]
[EventCategory "20"]
[SourceTitle "CBM 119"]
[Source "ChessBase"]
[SourceDate "2007.08.01"]
[SourceVersion "1"]
[SourceVersionDate "2007.08.01"]
[SourceQuality "1"]

1. e4 e5 2. Nf3 Nc6 3. Bb5 a6 4. Ba4 Nf6 5. O-O Be7 6. Re1 b5 7. Bb3 O-O 8. c3
d5 9. exd5 Nxd5 10. Nxe5 Nxe5 11. Rxe5 c6 12. d4 Bd6 13. Re1 Qh4 14. g3 Qh3 15.
Be3 Bg4 16. Qd3 Rae8 17. Nd2 Qh5 $5 ({The usual move order is} 17... Re6 18.
Qf1 Qh5 {, but Leko seems to have not been prepared to face Kramnik's recent
experiment} 19. f3 $5 {Kramnik,V (2772)-Aronian,L (2759)/Yerevan 2007/[Marin]/
CBM 118 (1-0, 45)}) ({Anticipating a bit, Leko's main idea is to place the
rook on the less exposed e7-square, leaving the d5-knight unpinned. However,
the immediate} 17... Re7 $6 {can be met by} 18. Bg5 $1 {, provoking
simplifications, since the rook is now... exposed on e7!}) 18. Qf1 ({Not
suspecting anything. The main alternative is} 18. a4 {, which, together with
18.Bd1 and 18.c4 was covered in detail in the comments to the game Morovic
Fernandez,I (2580)-Adams,M (2660)/Santiago 1997/CBM 057/[Blatny,P] (1/2-1/2,
42).}) 18... Re7 $5 $146 {Since attacking along the h-file does not seem like
a realistic project and Black is mainly aiming for strong pressure along the
e-file, this looks like a strong novelty.} ({Most of the games where this move
order was employed, transposed to the main variation after} 18... Re6) ({
It should be said that} 18... Bh3 {fails to force a draw by repetition because
of} 19. Bd1 $1) 19. a4 ({The difference can be seen after} 19. f3 $2 Nxe3 20.
Qf2 {and now, with his rook not attacked, Black has several good continuations.
My favourite is the simple} Rfe8 21. fxg4 Nxg4 $15 {with active play.}) 19...
Rfe8 20. Bxd5 {It is clear that White cannot stand the pressure anymore.} Qxd5
21. axb5 axb5 22. Bf4 $5 {This simple tactical trick reveals the only relative
drawback of Leko's novelty. With the rook on e6, Black could capture on f4
with a crushing attack.} Rxe1 ({But now,} 22... Bxf4 $2 {loses to} 23. Rxe7 $1)
23. Rxe1 Rxe1 24. Qxe1 Bf8 {White has managed to simplify the position, but
his chances for converting the minimal material advantage are questionable
because of Black's strong pair of bishops.} 25. Qe4 {Of course, the active
black queen cannot be tolerated on its dominating position.} f6 26. Qxd5+ cxd5
27. Bc7 Kf7 28. Bb6 {Threatening to trade the dark-squared bishops, which
would radically incline the balance to White's favour.} Bd6 29. Bc5 {White's
draw offer looks a bit premature, although I cannot suggest a concrete way to
strengthen his position.} 1/2-1/2

[Event "Olympiad Women-40"]
[Site "Istanbul"]
[Date "2012.09.03"]
[Round "6.1"]
[White "Hou, Yifan"]
[Black "Kosintseva, Tatiana"]
[Result "1-0"]
[WhiteElo "2599"]
[BlackElo "2530"]
[Annotator "Mikhalchishin,A"]
[PlyCount "85"]
[EventDate "2012.08.28"]
[EventType "team-swiss"]
[EventRounds "11"]
[EventCountry "TUR"]
[SourceTitle "CBM 151"]
[Source "ChessBase"]
[SourceDate "2012.11.13"]
[SourceVersion "1"]
[SourceVersionDate "2012.11.13"]
[SourceQuality "1"]
[WhiteTeam "China (W)"]
[BlackTeam "Russia (W)"]
[WhiteTeamCountry "CHN"]
[BlackTeamCountry "RUS"]

1. e4 e5 2. Nf3 Nc6 3. Bb5 a6 4. Ba4 Nf6 5. O-O Be7 6. Re1 b5 7. Bb3 O-O 8. c3
d5 9. exd5 Nxd5 10. Nxe5 Nxe5 11. Rxe5 c6 12. d4 Bd6 13. Re1 Qh4 14. g3 Qh3 15.
Bxd5 $5 {A very old move, which was considered as not very promising for White.
And the results in MegaBase are simply disastrous for him.} cxd5 16. Qf3 Bf5 (
16... Be6 $2 17. Be3 (17. Bf4 {leads to a simple advantage:} Bg4 18. Qg2 Bxf4
19. Qxh3 Bxh3 20. gxf4 Rab8 21. Re3 Be6 22. a3) 17... Rad8 18. Nd2 Bg4 19. Qxd5
$1 Bxg3 20. Qg2 Bb8 21. f3 Qxg2+ 22. Kxg2 Bc8 23. Ne4 f5 24. Nc5 {1-0 Barczay,
L-Ghitescu,T/Debrecen 1968; with a big advantage in the endgame.}) 17. Qxd5 ({
Other options are less principled:} 17. Qg2 Qh5 18. Qxd5 Rad8 (18... Rfe8 $5 {N
} 19. Bd2 Rxe1+ 20. Bxe1 Qd1 21. Qxa8+ Bf8 22. Qg2 Bd3 $1 23. h3 Qxe1+ 24. Kh2
h5 25. h4 Qc1 {1/2 Dochev,D (2495)-Topalov,V (2520)/Bulgaria (ch) 1992; with
sufficient compensation for the material.})) (17. Nd2 Rae8 18. Re3 Rxe3 19.
Qxe3 Bd7 20. Nf3 Qh5 {with a strong position.}) (17. Qg2 {does not seem so
logical:} Qg4 18. Qf1 Qf3 19. Nd2 Qh5 20. Nb3 Rfe8 21. Be3 Bh3 22. Qe2 Bg4 23.
Qd3 f5 24. f4 Re7 {with sufficient pressure for the pawn.}) 17... Rad8 ({
Here there is another principled option, which will be tried after this game:} 
17... Rae8 18. Bd2 Bd3 {it is possible to try other options as there are 18...
Qg4; 18...Bf4; 18...Re6} (18... Qg4 19. Qxd6 (19. f3 $2 Qg6 20. Na3 Bxg3 $1 21.
hxg3 Qxg3+ 22. Kh1 Qh3+ 23. Kg1 Re6 24. Rxe6 Qg3+ 25. Kh1 fxe6 26. Qc6 Qh4+ 27.
Kg1 Bh3 {0-1 Svensson,B (2360)-Ilincic,Z (2445)/Balatonbereny 1988; with a
strong attack.}) 19... Rxe1+ 20. Bxe1 Qd1 21. Qe7 Be6 22. Na3 Qxa1 23. Kf1 Bh3+
24. Ke2 Qxb2+ {0-1 Szekely,M-Adorjan,A/Hungary 1968/MCD}) 19. Na3 Bxa3 20. bxa3
Bc4 21. Qf3 $14 {Chandler,M (2595)-Nikolic,P (2600)/Leningrad 1987. But
opposite-coloured bishops will allow Black to keep the balance easily.}) 18.
Qg2 ({Possible, but clearly not so logical was} 18. Qc6) 18... Qh5 19. f3 ({
It was weaker to allowing Black to activate his pieces after} 19. Be3 Bh3 20.
Qh1 f5 $1) 19... Bh3 ({Much weaker is} 19... Rfe8 20. Be3 Qh6 21. Qf2 Qg6 22.
Nd2 {and Black has no compensation for the pawn.}) 20. Qf2 f5 21. Nd2 ({
The typical} 21. a4 {was possible, but with two extra pawns it is necessary to
complete development first.}) 21... g5 22. a4 ({Another way was} 22. c4 Rfe8
23. Rxe8+ Rxe8 24. c5 Bf8 25. b4 Qf7 26. Nb3 Qc4 27. Be3 Bg7 28. Re1 Qxb4 29.
d5) 22... f4 ({Or} 22... Rfe8 23. axb5 axb5 24. Rxe8+ Rxe8 25. b3 Qg6 26. Bb2 {
preparing Re1.}) 23. g4 Qg6 24. axb5 axb5 25. Ne4 {After the knight has
reached this strategically important place, the result of the game is obvious.}
h5 26. b3 (26. Qe2 {was very strong:} hxg4 27. Qxb5 gxf3 28. Qxg5) 26... Bc7 (
26... hxg4 {does not help:} 27. fxg4 Qe6 28. Nxg5 Qxg4+ 29. Kh1 Qxg5 30. Rg1
Bg4 31. h3 Qd5+ 32. Qg2) 27. Ba3 ({A simpler way is} 27. gxh5) 27... Rf7 28.
gxh5 Qf5 29. Bc5 $1 Kh7 ({Or} 29... g4 30. Qh4 gxf3 31. Ra6 Rg7+ 32. Rg6 Rxg6+
33. hxg6 Qxg6+ 34. Qg5) 30. Ra6 Rg8 31. Be7 $1 g4 32. Qh4 ({Another option is} 
32. Ng5+ Rxg5 33. Bxg5 Qxg5 34. Qc2+) 32... gxf3+ 33. Rg6 (33. Ng5+ Rxg5+ 34.
Qxg5 Rg7 35. Rh6+ Kg8 36. Rg6) 33... Rxg6+ 34. hxg6+ Kxg6 35. Qg5+ $1 {A
technical decision. The exchange of queens allows Black to reduce material,
but it is sufficient for White to win.} Qxg5+ 36. Nxg5 Rxe7 37. Rxe7 Bd8 38.
Nxh3 Bxe7 39. Kf2 Kf5 40. Kxf3 Bd6 41. Nf2 Be7 42. Nd3 Bg5 43. c4 1-0

[Event "Olympiad-40"]
[Site "Istanbul"]
[Date "2012.08.30"]
[Round "3.2"]
[White "Harikrishna, Pentala"]
[Black "Beliavsky, Alexander G"]
[Result "1-0"]
[WhiteElo "2685"]
[BlackElo "2609"]
[Annotator "Mikhalchishin,A"]
[PlyCount "53"]
[EventDate "2012.08.28"]
[EventType "team-swiss"]
[EventRounds "11"]
[EventCountry "TUR"]
[SourceTitle "CBM 151"]
[Source "ChessBase"]
[SourceDate "2012.11.13"]
[SourceVersion "1"]
[SourceVersionDate "2012.11.13"]
[SourceQuality "1"]
[WhiteTeam "India"]
[BlackTeam "Slovenia"]
[WhiteTeamCountry "IND"]
[BlackTeamCountry "SLO"]

1. e4 e5 2. Nf3 Nc6 3. Bb5 a6 4. Ba4 Nf6 5. O-O Be7 6. Re1 b5 7. Bb3 O-O 8. c3
d5 9. exd5 Nxd5 10. Nxe5 Nxe5 11. Rxe5 c6 12. d4 Bd6 13. Re1 Qh4 14. g3 Qh3 15.
Re4 Bd7 $5 {A very risky approach which was introduced by the famous Leonid
Stein, one of Beliavsky's trainers. Beliavsky wanted to avoid the main line
against his young opponent.} (15... g5 {is the main move.}) 16. Bc2 ({A very
serious alternative here has still not been well tested at a high level:} 16.
Rh4 Qe6 17. Nd2 Rfe8 (17... f5 18. Nf3 h6 19. Qd3 Be7 20. Rh3 f4 21. Rh5 Qg4 $2
(21... fxg3 22. hxg3 Qf7 23. Re5 Bd6 24. Bf4 $14) 22. Ne5 Qxh5 23. Nxd7 fxg3
24. hxg3 Rf3 25. Qe4 $2 (25. Bd1 {was winning immediately}) 25... Rf7 $2 (25...
Bd6 $1) 26. Ne5 {1-0 Remete,Z (2042)-Adam,O (2147)/Savaria HUN 2002}) 18. Ne4
Be7 19. Bg5 ({an advantage was promised by} 19. Nc5 Bxc5 20. dxc5 Qe1+ 21. Kg2
Bf5 22. a4) 19... f6 20. Bd2 g5 21. Rh6 Qxe4 22. Bc2 Qg4 23. Bxh7+ Kg7 24. Qc2
$2 (24. f3 Qe6 25. Qc2 Rh8 26. Bxg5 Qf7 27. Bg6 Qe6 28. Bh7 $11) 24... f5 {
0-1 Volas,N (2146)-Dimitrievski,D (2260)/Obrenovac SCG 2005}) 16... h6 ({
The retreat} 16... Be7 {is not serious.}) 17. Nd2 ({Black would obtain
sufficient counterplay after} 17. Qf1 Qxf1+ 18. Kxf1 Rad8 19. Re1 Rfe8 20. f3
c5) ({I don't think, that neglecting development with} 17. a4 {can be good
here.}) 17... Bf5 ({It was necessary to consider} 17... Rae8 18. Qf1 (18. a4 {
was possible, as usual}) 18... Nf6 ({another development could be} 18... g5 19.
Qxh3 Bxh3 20. a4 b4 21. c4 Nf6 22. Rxe8 Rxe8 23. Nf3 c5 24. Be3 Ng4) 19. Qxh3 (
{an even better try was} 19. Rxe8 Rxe8 20. f3 Qh5 21. Ne4) 19... Bxh3 20. Rxe8
Rxe8 21. Nf3 Bg4 22. Kg2 Be6 23. Bd2 Bd5 24. Bb3 Be4 {1-0 Tal,M-Stein,L/USSR
1967; and Black could have good compensation for the pawn.} 25. h4 c5) 18. Rh4
$1 ({Black would create counterplay after the softer} 18. Re2 Rae8 19. Bxf5
Qxf5 20. Rxe8 Rxe8 21. Nf1 Qe4) 18... Bxc2 19. Qxc2 Qd7 $6 (19... Qe6 {was
better:} 20. Re4 Qf5 21. Qd1 Rae8 22. Rxe8 Rxe8 23. Nf1 {preparing some
weakening of the kingside after h5-h4.} h5) 20. c4 $1 Nf6 21. Nf3 Rfe8 ({
The threat was Bf4, so it was very dangerous to try to avoid it by} 21... Ng4
$2 22. h3 Nf6 23. Bxh6 $1 gxh6 24. Qc1 $1 Nh7 25. Qxh6 f6 26. Rg4+ Kh8 27. Nh4)
22. b3 ({Now} 22. Bf4 {did not work:} Bf8 $1 23. Be5 g5 24. Rxh6 Bxh6 25. Bxf6
g4 26. Nh4 Qe6 27. Be5 Bg7 {and Black is defending successfully.}) 22... Qe6 {
Now playing} 23. Bf4 $1 {is possible and well calculated:} g5 ({Now} 23... Bf8
{was useless:} 24. Re1 Qd7 25. Re5) 24. Re1 Qxe1+ ({White would create a
terrible attack after} 24... Ne4 25. Bxg5 Nxg5 26. Rxe6 Nxf3+ 27. Kh1 Rxe6 28.
Rg4+ Kf8 29. Qf5 Ng5 30. h4) 25. Nxe1 Rxe1+ 26. Kg2 gxf4 (26... gxh4 {does not
promise any chances for surviving:} 27. Bxd6 Re6 28. Bf4 hxg3 29. hxg3) 27. Qf5
$1 1-0